Представление документа в формате RUSMARC

ПолеНазваниеЗначение
  Тип записи a
  Библиографический уровень m
001 Контрольный номер RU/IS/BASE/479479880
005 Дата корректировки 20240207193200.9
010 Индекс ISBN __
d Цена 12 р. 00 к.
100 Данные общей обработки __
a Данные общей обработки 20150312d2015 ||| 0rusy0189 ca
101 Язык документа 0_
a Язык текста rus
102 Страна публикации __
a Страна публикации RU
105 Кодированные данные (монография) __
a Кодированные данные (монография) y###||||000|y
200 Заглавие и сведения об ответственности 1_
a Заглавие Экономика
b Общее обозначение материала Текст
e Сведения, относящиеся к заглавию интеллектуальные игры для школьников
f Первые сведения об ответственности Е. Г. Фирсов
210 Выходные данные 1_
a Место издания Ярославль
c Издательство Академия развития
d Дата издания 1998
215 Физическое описание __
a Объем 208 с.
c Иллюстрации/тип воспроизводства ил.
225 Серия 1_
a Серия Минута на размышление
606 Тематические рубрики 1_
a Основная рубрика Экономика занимательная - Игры интеллектуальные
610 Ключевые слова 1_
a Ключевые слова экономика занимательная
a Ключевые слова игры интеллектуальные
a Ключевые слова школьники
686 Индексы других классификаций __
a Классификационный индекс 65я92
2 Код системы rubbk
700 Автор _1
a Фамилия Фирсов
b Имя (инициалы) Е. Г.
801 Источник записи _0
a Страна RU
b Организация Ульяновская ОБДЮ
c Дата составления 20150312
g Правила каталогизации RCR
801 Источник записи _1
a Страна RU
b Организация Ульяновская ОБДЮ
c Дата составления 20150312
g Правила каталогизации RCR
852 Данные о местонахождении __
a Наименование организации Ульяновская ОБДЮ
i Авторский знак Ф 62
j Шифр хранения 65
901 Тип документа __
t Тип документа m
910 Корректоры записи __
a Корректор записи Лифанова А.
919 __
a Лифанова А.
938 Служебная информация __
a Имя БД MarkBase